-
RAMALINGAM, DR. P AND REDDY, DR. Y. PADMANABHA
Entry Personal Name
Number of records used in: 1
001 - CONTROL NUMBER
003 - CONTROL NUMBER IDENTIFIER
005 - DATE AND TIME OF LATEST TRANSACTION
- control field:
20251125123742.0
008 - FIXED-LENGTH DATA ELEMENTS
- fixed length control field:
251125|| aca||aabn | a|a d
040 ## - CATALOGING SOURCE
- Original cataloging agency:
JRU
- Transcribing agency:
JRU
100 ## - HEADING--PERSONAL NAME
- Personal name:
RAMALINGAM, DR. P AND REDDY, DR. Y. PADMANABHA
670 ## - SOURCE DATA FOUND
- Source citation:
Work cat.: (JRU)9007: RAMALINGAM, DR. P AND REDDY, DR. Y. PADMANABHA , TEXT BOOK OF PHARMACEUTICAL ANALYSIS THEORETICAL ASPECTS [VOLUME - I ]